Banderas de los estados de Brasil - Estadísticas

Estadísticas generales
  • Esta prueba ha sido intentada 46 veces
  • La puntuación promedio es 17 de 27
Estadísticas de respuestas
Imagen Respuesta % Correcto
Paraná
83%
São Paulo
83%
Acre
72%
Minas Gerais
72%
Mato Grosso
67%
Río de Janeiro
67%
Río Grande del Sur
67%
Roraima
67%
Santa Catarina
67%
Amazonas
61%
Bahia
61%
Ceará
61%
Espírito Santo
61%
Maranhão
61%
Pará
61%
Paraíba
61%
Pernambuco
61%
Tocantins
61%
Alagoas
56%
Amapá
56%
Mato Grosso del Sur
56%
Rondônia
56%
Distrito Federal
50%
Goiás
50%
Piauí
50%
Río Grande del norte
50%
Sergipe
50%
No se encontraron pruebas coincidentes
Distribución de puntuación
Porcentaje de gente con cada puntuación
Porcentaje por número respondido
Historial de tus puntuaciones
No has intentado esta prueba.